Heer [punjabi] (Record no. 314057)

000 -LEADER
fixed length control field 00370 a2200169 4500
001 - CONTROL NUMBER
control field 78984
020 ## - INTERNATIONAL STANDARD BOOK NUMBER
International Standard Book Number 9695030947
082 ## - DEWEY DECIMAL CLASSIFICATION NUMBER
Classification number 891.42 SHA
090 ## - LOCALLY ASSIGNED LC-TYPE CALL NUMBER (OCLC); LOCAL CALL NUMBER (RLIN)
-- 39517
-- 39517
100 ## - MAIN ENTRY--PERSONAL NAME
Personal name Syed Waris Shah
245 ## - TITLE STATEMENT
Title Heer [punjabi]
Medium Punjabi
250 ## - EDITION STATEMENT
Edition statement 1
260 ## - PUBLICATION, DISTRIBUTION, ETC.
Place of publication, distribution, etc. Lahore
Name of publisher, distributor, etc. Al Faisal
Date of publication, distribution, etc. 2001
300 ## - PHYSICAL DESCRIPTION
Extent 493
500 ## - GENERAL NOTE
General note General Books
505 ## - FORMATTED CONTENTS NOTE
Formatted contents note AHQ Books
942 ## - ADDED ENTRY ELEMENTS (KOHA)
Institution code [OBSOLETE] NUST-CAE
Call number prefix 891.42 SHA
Holdings
Withdrawn status Lost status Damaged status Not for loan Collection code Permanent Location Current Location Date acquired Total Checkouts Full call number Barcode Date last seen Price effective from Koha item type
          College of Aeronautical Engineering (CAE) College of Aeronautical Engineering (CAE) 04/03/2017   891.42 SHA CAE73859 04/05/2017 04/05/2017 Book
© 2023 Central Library, National University of Sciences and Technology. All Rights Reserved.